|
|
|
|
| LEADER |
00000nmm0a2200000 4500 |
| 001 |
169361 |
| 005 |
20231101222824.0 |
| 010 |
|
|
|a 9785498073835
|
| 035 |
|
|
|a (RuTPU)RU\TPU\book\183716
|
| 090 |
|
|
|a 169361
|
| 100 |
|
|
|a 20091111d2010 km y0rusy50 ca
|
| 101 |
0 |
|
|a rus
|
| 102 |
|
|
|a RU
|
| 105 |
|
|
|a a z 000zy
|
| 200 |
1 |
|
|a Проектирование, дизайн, строительство: самые полезные программы
|f А. Орлов
|
| 210 |
|
|
|a СПб.
|c Питер
|d 2010
|
| 215 |
|
|
|a 272 с.
|c ил.
|e DVD
|
| 330 |
|
|
|a Эта книга — комплексное издание для всех специалистов, связанных со строительством. В ней описаны и представлены (в виде демонстрационных версий на DVD) программы по дизайну интерьеров, ландшафтному дизайну, различные САПР, необходимые при строительстве и проектировании, программы для составления строительных смет и масса другого полезного программного обеспечения. Именно комплексный подход является уникальной особенностью, которая и выделяет данную книгу из множества подобных, присутствующих на рынке: помимо самих программ вы найдете в книге и их подробное описание, что поможет вам сделать свою работу гораздо более эффективной.
|
| 606 |
1 |
|
|a Дизайн
|x (Информатика)
|2 stltpush
|3 (RuTPU)RU\TPU\subj\64461
|9 81355
|
| 606 |
1 |
|
|a Гражданское строительство
|x Проектирование
|2 stltpush
|3 (RuTPU)RU\TPU\subj\8524
|9 35923
|
| 610 |
1 |
|
|a строительное моделирование
|
| 610 |
1 |
|
|a дома
|
| 610 |
1 |
|
|a квартиры
|
| 610 |
1 |
|
|a строительно-отделочные материалы
|
| 610 |
1 |
|
|a подбор
|
| 610 |
1 |
|
|a расчет
|
| 610 |
1 |
|
|a проекты
|
| 610 |
1 |
|
|a смета
|
| 610 |
1 |
|
|a интерьер
|
| 610 |
1 |
|
|a элементы
|
| 610 |
1 |
|
|a программы
|
| 610 |
1 |
|
|a ландшафтный дизайн
|
| 610 |
1 |
|
|a ArchiCAD
|
| 610 |
1 |
|
|a ArCon
|
| 610 |
1 |
|
|a Super Home Suite
|
| 610 |
1 |
|
|a DVD
|
| 675 |
|
|
|a 681.327.1
|v 3
|
| 675 |
|
|
|a 725.011
|v 3
|
| 700 |
|
1 |
|a Орлов
|b А.
|
| 801 |
|
1 |
|a RU
|b 63413507
|c 20091111
|
| 801 |
|
2 |
|a RU
|b 63413507
|c 20100824
|g RCR
|
| 900 |
|
|
|a Строительная механика
|
| 900 |
|
|
|a Строительные конструкции
|
| 900 |
|
|
|a Строительные материалы, конструкции и машины
|
| 900 |
|
|
|a Дизайн и основы художественного конструирования
|
| 900 |
|
|
|a Дизайн-проектирование
|
| 942 |
|
|
|c MX
|
| 959 |
|
|
|a 100/20090928
|d 1
|e 215,00
|f ЧЗЭР:1
|